[Event "DEM U14 2021"]
[Site "Willingen GER"]
[Date "2021.08.25"]
[Round "4"]
[White "Uhlmann, Tim"]
[Black "Metzdorf, Matteo"]
[Result "0-1"]
[Termination "normal"]
[Board "9"]
[WhiteElo "1704"]
[BlackElo "1859"]
[WhiteClock "01:03:08"]
[BlackClock "00:04:58"]
[PlyCount "116"]
[WhiteFideId "16239210"]
[BlackFideId "16209869"]
[EventCountry "GER"]
[EventRounds "9"]
[EventType "swiss"]
[EventDate "2021.08.22"]

1. e4 {[%clk 1:30:57]} c5 {[%clk 1:30:55]} 2. Nf3 {[%clk 1:31:24]} e6 {[%clk
1:31:21]} 3. d4 {[%clk 1:31:51]} cxd4 {[%clk 1:31:45]} 4. Nxd4 {[%clk 1:32:16]}
a6 {[%clk 1:32:10]} 5. Nc3 {[%clk 1:32:36]} Qc7 {[%clk 1:32:06]} 6. Be3 {[%clk
1:32:43]} Bb4 {[%clk 1:31:43]} 7. Bd2 {[%clk 1:27:49]} Nf6 {[%clk 1:30:02]} 8.
Bd3 {[%clk 1:26:59]} Nc6 {[%clk 1:13:47]} 9. Nxc6 {[%clk 1:27:18]} dxc6 {[%clk
1:09:01]} 10. f4 {[%clk 1:25:55]} e5 {[%clk 1:08:44]} 11. f5 {[%clk 1:26:18]}
Bc5 {[%clk 1:02:10]} 12. Qf3 {[%clk 1:26:29]} Bd4 {[%clk 0:56:29]} 13. g4
{[%clk 1:24:38]} b5 {[%clk 0:48:16]} 14. g5 {[%clk 1:24:34]} Nd7 {[%clk
0:48:15]} 15. O-O-O {[%clk 1:24:41]} Bb7 {[%clk 0:46:01]} 16. Ne2 {[%clk
1:21:56]} Bb6 {[%clk 0:41:06]} 17. g6 {[%clk 1:22:10]} hxg6 {[%clk 0:39:30]}
18. fxg6 {[%clk 1:22:04]} f6 {[%clk 0:38:59]} 19. h4 {[%clk 1:22:05]} O-O-O
{[%clk 0:30:30]} 20. Ng3 {[%clk 1:22:10]} c5 {[%clk 0:23:26]} 21. Nf5 {[%clk
1:20:36]} c4 {[%clk 0:22:38]} 22. Be2 {[%clk 1:19:44]} Nc5 {[%clk 0:21:49]} 23.
Qg4 {[%clk 1:20:05]} Kb8 {[%clk 0:20:39]} 24. Bf3 {[%clk 1:20:11]} Na4 {[%clk
0:14:01]} 25. Bb4 {[%clk 1:16:41]} Bc5 {[%clk 0:10:46]} 26. Bxc5 {[%clk
1:16:55]} Qxc5 {[%clk 0:09:30]} 27. c3 {[%clk 1:16:20]} b4 {[%clk 0:08:29]} 28.
cxb4 {[%clk 1:16:11]} Qxb4 {[%clk 0:08:39]} 29. Qg2 {[%clk 1:15:19]} Rc8 {[%clk
0:06:10]} 30. a3 {[%clk 1:11:28]} Qb3 {[%clk 0:05:54]} 31. Qc2 {[%clk 1:07:40]}
Qxf3 {[%clk 0:06:08]} 32. Qxa4 {[%clk 1:08:02]} Qf4+ {[%clk 0:04:30]} 33. Kb1
{[%clk 1:03:20]} Qxe4+ {[%clk 0:04:22]} 34. Qc2 {[%clk 1:02:52]} Qxc2+ {[%clk
0:04:45]} 35. Kxc2 {[%clk 1:03:13]} Be4+ {[%clk 0:05:13]} 36. Kc3 {[%clk
1:02:54]} Bxf5 {[%clk 0:05:42]} 37. Rdg1 {[%clk 1:01:30]} Rh6 {[%clk 0:05:32]}
38. h5 {[%clk 1:01:37]} Rch8 {[%clk 0:05:47]} 39. Kxc4 {[%clk 1:01:13]} Rxh5
{[%clk 0:06:01]} 40. Rxh5 {[%clk 1:01:31]} Rxh5 {[%clk 0:06:27]} 41. Kc5 {[%clk
1:01:02]} Kc7 {[%clk 0:04:54]} 42. Kb4 {[%clk 1:01:15]} Rg5 {[%clk 0:02:10]}
43. Rd1 {[%clk 1:01:29]} Rxg6 {[%clk 0:02:01]} 44. Ka5 {[%clk 1:01:46]} Bc8
{[%clk 0:01:57]} 45. a4 {[%clk 1:01:31]} e4 {[%clk 0:01:48]} 46. b4 {[%clk
1:01:22]} Rg5+ {[%clk 0:01:52]} 47. b5 {[%clk 1:01:24]} axb5 {[%clk 0:02:14]}
48. axb5 {[%clk 1:00:42]} Bd7 {[%clk 0:02:36]} 49. Ka6 {[%clk 1:00:44]} Bxb5+
{[%clk 0:02:23]} 50. Ka7 {[%clk 1:01:06]} Bd3 {[%clk 0:02:22]} 51. Rc1+ {[%clk
1:01:22]} Kd6 {[%clk 0:02:45]} 52. Rd1 {[%clk 1:01:29]} f5 {[%clk 0:02:55]} 53.
Kb6 {[%clk 1:01:50]} f4 {[%clk 0:03:20]} 54. Kb7 {[%clk 1:02:02]} f3 {[%clk
0:03:44]} 55. Rc1 {[%clk 1:02:20]} f2 {[%clk 0:03:52]} 56. Rc6+ {[%clk
1:02:43]} Ke5 {[%clk 0:04:09]} 57. Rc5+ {[%clk 1:02:45]} Kf4 {[%clk 0:04:34]}
58. Rxg5 {[%clk 1:03:08]} Kxg5 {[%clk 0:04:58]} 0-1

[Event "DEM U14 2021"]
[Site "Willingen GER"]
[Date "2021.08.25"]
[Round "4"]
[White "Kempe, Caius Emilian"]
[Black "Bock, Marlon"]
[Result "1-0"]
[Termination "normal"]
[Board "10"]
[WhiteElo "2013"]
[BlackElo "1767"]
[WhiteClock "00:26:22"]
[BlackClock "00:26:12"]
[PlyCount "57"]
[WhiteFideId "16246861"]
[BlackFideId "16244931"]
[EventCountry "GER"]
[EventRounds "9"]
[EventType "swiss"]
[EventDate "2021.08.22"]

1. d4 {[%clk 1:30:56]} d5 {[%clk 1:30:50]} 2. c4 {[%clk 1:31:16]} dxc4 {[%clk
1:31:06]} 3. e3 {[%clk 1:31:20]} Nf6 {[%clk 1:30:50]} 4. Bxc4 {[%clk 1:31:37]}
e6 {[%clk 1:30:29]} 5. Nf3 {[%clk 1:31:47]} c5 {[%clk 1:29:46]} 6. O-O {[%clk
1:31:58]} Be7 {[%clk 1:28:56]} 7. Nc3 {[%clk 1:31:06]} O-O {[%clk 1:27:12]} 8.
Qe2 {[%clk 1:28:34]} a6 {[%clk 1:22:48]} 9. a4 {[%clk 1:22:32]} cxd4 {[%clk
1:20:54]} 10. Rd1 {[%clk 1:21:55]} Nc6 {[%clk 1:16:23]} 11. exd4 {[%clk
1:20:39]} Nb4 {[%clk 1:11:57]} 12. Bg5 {[%clk 1:18:24]} Nbd5 {[%clk 1:04:21]}
13. h3 {[%clk 1:08:47]} h6 {[%clk 0:59:51]} 14. Bh4 {[%clk 1:03:09]} b6 {[%clk
0:57:34]} 15. Nxd5 {[%clk 1:02:37]} exd5 {[%clk 0:56:51]} 16. Bd3 {[%clk
1:02:41]} Re8 {[%clk 0:53:59]} 17. Qf1 {[%clk 0:52:06]} Ne4 {[%clk 0:49:56]}
18. Bxe7 {[%clk 0:52:19]} Qxe7 {[%clk 0:49:00]} 19. Ne5 {[%clk 0:48:43]} Qg5
{[%clk 0:47:08]} 20. Ra3 {[%clk 0:38:28]} f6 {[%clk 0:36:26]} 21. Bxe4 {[%clk
0:33:07]} dxe4 {[%clk 0:36:25]} 22. Rg3 {[%clk 0:33:07]} Qf5 {[%clk 0:35:41]}
23. Ng4 {[%clk 0:32:20]} Kh8 {[%clk 0:34:53]} 24. Ne3 {[%clk 0:32:08]} Qe6
{[%clk 0:32:57]} 25. d5 {[%clk 0:32:02]} Qd6 {[%clk 0:30:10]} 26. Qc4 {[%clk
0:28:54]} Bd7 {[%clk 0:29:33]} 27. b3 {[%clk 0:26:17]} b5 {[%clk 0:27:11]} 28.
Qd4 {[%clk 0:26:22]} f5 {[%clk 0:26:12]} 29. Qxg7# 1-0

[Event "DEM U14 2021"]
[Site "Willingen GER"]
[Date "2021.08.25"]
[Round "4"]
[White "Fuhrmann, Bahne"]
[Black "von Mettenheim, Johannes"]
[Result "1-0"]
[Termination "normal"]
[Board "11"]
[WhiteElo "1796"]
[BlackElo "1953"]
[WhiteClock "00:37:45"]
[BlackClock "00:13:19"]
[PlyCount "109"]
[WhiteFideId "16244842"]
[BlackFideId "16244818"]
[EventCountry "GER"]
[EventRounds "9"]
[EventType "swiss"]
[EventDate "2021.08.22"]

1. d4 {[%clk 1:30:59]} Nf6 {[%clk 1:30:54]} 2. c4 {[%clk 1:31:26]} e6 {[%clk
1:31:19]} 3. Nc3 {[%clk 1:31:54]} d5 {[%clk 1:31:33]} 4. e3 {[%clk 1:30:31]}
Be7 {[%clk 1:31:43]} 5. Bd3 {[%clk 1:30:28]} c5 {[%clk 1:31:48]} 6. Nge2 {[%clk
1:29:36]} cxd4 {[%clk 1:32:11]} 7. Nxd4 {[%clk 1:27:57]} e5 {[%clk 1:30:24]} 8.
Nf5 {[%clk 1:24:59]} d4 {[%clk 1:17:07]} 9. Nxe7 {[%clk 1:22:03]} Qxe7 {[%clk
1:16:25]} 10. exd4 {[%clk 1:16:22]} exd4+ {[%clk 1:16:50]} 11. Ne2 {[%clk
1:16:48]} O-O {[%clk 1:17:08]} 12. O-O {[%clk 1:17:05]} Nc6 {[%clk 1:16:48]}
13. Re1 {[%clk 1:13:08]} Bg4 {[%clk 1:12:25]} 14. f3 {[%clk 1:10:15]} Bh5
{[%clk 1:09:40]} 15. Bg5 {[%clk 1:08:37]} h6 {[%clk 1:08:14]} 16. Ng3 {[%clk
1:05:00]} Qc5 {[%clk 1:02:29]} 17. Bxf6 {[%clk 1:05:09]} gxf6 {[%clk 1:02:54]}
18. Qd2 {[%clk 1:05:19]} Bg6 {[%clk 1:00:57]} 19. Qxh6 {[%clk 1:04:07]} Qg5
{[%clk 1:01:07]} 20. Qxg5 {[%clk 1:04:21]} fxg5 {[%clk 1:01:32]} 21. Bxg6
{[%clk 1:04:44]} fxg6 {[%clk 1:01:57]} 22. Ne4 {[%clk 1:03:38]} Rf5 {[%clk
0:53:36]} 23. Nd6 {[%clk 1:00:20]} Rf6 {[%clk 0:53:59]} 24. Ne8 {[%clk
0:57:26]} Rf8 {[%clk 0:49:39]} 25. Nc7 {[%clk 0:57:08]} Rac8 {[%clk 0:49:58]}
26. Nd5 {[%clk 0:56:36]} Kf7 {[%clk 0:39:07]} 27. Re4 {[%clk 0:53:29]} Rfe8
{[%clk 0:39:18]} 28. Rae1 {[%clk 0:53:29]} d3 {[%clk 0:35:45]} 29. Rxe8 {[%clk
0:50:27]} Rxe8 {[%clk 0:36:10]} 30. Rxe8 {[%clk 0:50:44]} d2 {[%clk 0:36:29]}
31. Nc3 {[%clk 0:49:18]} Kxe8 {[%clk 0:36:52]} 32. Kf2 {[%clk 0:48:10]} Ne5
{[%clk 0:34:55]} 33. b3 {[%clk 0:47:56]} Nd3+ {[%clk 0:32:34]} 34. Ke2 {[%clk
0:47:55]} Nf4+ {[%clk 0:32:29]} 35. Kxd2 {[%clk 0:48:18]} Nxg2 {[%clk 0:32:51]}
36. Ne4 {[%clk 0:48:38]} Ke7 {[%clk 0:31:45]} 37. Nxg5 {[%clk 0:48:14]} Kf6
{[%clk 0:31:55]} 38. Ne4+ {[%clk 0:43:50]} Ke5 {[%clk 0:32:12]} 39. Kc3 {[%clk
0:43:41]} Ne1 {[%clk 0:27:10]} 40. Nd2 {[%clk 0:43:25]} a5 {[%clk 0:23:15]} 41.
a3 {[%clk 0:39:59]} g5 {[%clk 0:22:27]} 42. b4 {[%clk 0:38:07]} axb4+ {[%clk
0:22:42]} 43. Kxb4 {[%clk 0:32:40]} Kd4 {[%clk 0:19:07]} 44. a4 {[%clk
0:20:03]} Kd3 {[%clk 0:10:48]} 45. Ne4 {[%clk 0:18:02]} Nxf3 {[%clk 0:08:55]}
46. Nc5+ {[%clk 0:10:50]} Ke2 {[%clk 0:03:07]} 47. Nxb7 {[%clk 0:09:45]} Nxh2
{[%clk 0:03:24]} 48. Nd6 {[%clk 0:09:03]} g4 {[%clk 0:02:59]} 49. Nf5 {[%clk
0:08:45]} Nf3 {[%clk 0:02:04]} 50. a5 {[%clk 0:08:22]} Ne5 {[%clk 0:23:46]} 51.
a6 {[%clk 0:37:51]} Kd3 {[%clk 0:24:06]} 52. Kc5 {[%clk 0:36:52]} Nd7+ {[%clk
0:14:35]} 53. Kb5 {[%clk 0:37:12]} Nf6 {[%clk 0:13:21]} 54. a7 {[%clk 0:37:21]}
Ne8 {[%clk 0:13:19]} 55. Kc6 {[%clk 0:37:45]} 1-0

[Event "DEM U14 2021"]
[Site "Willingen GER"]
[Date "2021.08.25"]
[Round "4"]
[White "Rempe, Jonas"]
[Black "Ensslinger, Colin"]
[Result "1-0"]
[Termination "normal"]
[Board "12"]
[WhiteElo "2026"]
[BlackElo "1729"]
[WhiteClock "00:29:56"]
[BlackClock "00:47:45"]
[PlyCount "129"]
[WhiteFideId "16202406"]
[BlackFideId "16226011"]
[EventCountry "GER"]
[EventRounds "9"]
[EventType "swiss"]
[EventDate "2021.08.22"]

1. e4 {[%clk 1:30:58]} c5 {[%clk 1:30:37]} 2. Nf3 {[%clk 1:31:24]} e6 {[%clk
1:31:00]} 3. d4 {[%clk 1:31:51]} cxd4 {[%clk 1:31:25]} 4. Nxd4 {[%clk 1:32:17]}
Nf6 {[%clk 1:31:47]} 5. Nc3 {[%clk 1:32:42]} d6 {[%clk 1:32:10]} 6. g4 {[%clk
1:33:06]} h6 {[%clk 1:32:35]} 7. h4 {[%clk 1:33:09]} Nc6 {[%clk 1:33:00]} 8.
Rg1 {[%clk 1:33:28]} d5 {[%clk 1:33:25]} 9. exd5 {[%clk 1:33:45]} Nxd5 {[%clk
1:33:49]} 10. Nxd5 {[%clk 1:34:10]} Qxd5 {[%clk 1:34:13]} 11. Bg2 {[%clk
1:34:32]} Qc4 {[%clk 1:34:37]} 12. Nxc6 {[%clk 1:17:13]} bxc6 {[%clk 1:34:58]}
13. Qe2 {[%clk 1:17:38]} Qxe2+ {[%clk 1:35:20]} 14. Kxe2 {[%clk 1:18:04]} Ba6+
{[%clk 1:35:43]} 15. Ke1 {[%clk 1:18:16]} Bb7 {[%clk 1:36:02]} 16. Be3 {[%clk
1:18:12]} Be7 {[%clk 1:36:06]} 17. h5 {[%clk 1:11:41]} Bg5 {[%clk 1:32:33]} 18.
f4 {[%clk 1:08:52]} Bh4+ {[%clk 1:30:33]} 19. Kd2 {[%clk 1:09:07]} O-O-O+
{[%clk 1:28:54]} 20. Kc1 {[%clk 1:09:10]} Be7 {[%clk 1:23:40]} 21. c3 {[%clk
1:09:11]} Rd3 {[%clk 1:18:50]} 22. Bd4 {[%clk 1:08:47]} c5 {[%clk 1:15:10]} 23.
Kc2 {[%clk 1:04:07]} Ba6 {[%clk 1:14:06]} 24. Bf1 {[%clk 1:02:57]} cxd4 {[%clk
1:11:29]} 25. Bxd3 {[%clk 1:02:28]} Bxd3+ {[%clk 1:11:55]} 26. Kxd3 {[%clk
1:02:37]} dxc3 {[%clk 1:12:22]} 27. Rac1 {[%clk 1:01:31]} Bf6 {[%clk 1:12:29]}
28. bxc3 {[%clk 1:01:26]} Rd8+ {[%clk 1:12:30]} 29. Ke4 {[%clk 1:00:11]} Rd5
{[%clk 1:12:09]} 30. Rgd1 {[%clk 0:54:15]} Rc5 {[%clk 1:11:38]} 31. c4 {[%clk
0:54:22]} Kc7 {[%clk 1:09:59]} 32. Rc2 {[%clk 0:53:14]} g5 {[%clk 1:02:57]} 33.
hxg6 {[%clk 0:48:28]} fxg6 {[%clk 1:03:03]} 34. Rb1 {[%clk 0:44:33]} a6 {[%clk
1:02:04]} 35. Rh1 {[%clk 0:40:37]} h5 {[%clk 1:01:52]} 36. gxh5 {[%clk
0:41:03]} gxh5 {[%clk 1:02:10]} 37. Rf1 {[%clk 0:41:27]} Kc6 {[%clk 0:58:39]}
38. f5 {[%clk 0:41:20]} Rxf5 {[%clk 0:55:15]} 39. Rxf5 {[%clk 0:40:18]} exf5+
{[%clk 0:54:06]} 40. Kxf5 {[%clk 0:40:37]} Be7 {[%clk 0:54:33]} 41. Ke6 {[%clk
0:40:01]} Bd6 {[%clk 0:54:23]} 42. Rd2 {[%clk 0:39:52]} Bg3 {[%clk 0:54:43]}
43. Rd5 {[%clk 0:39:55]} h4 {[%clk 0:55:05]} 44. Rh5 {[%clk 0:40:18]} Be1
{[%clk 0:54:57]} 45. a3 {[%clk 0:38:28]} Bg3 {[%clk 0:54:51]} 46. a4 {[%clk
0:38:05]} Be1 {[%clk 0:53:51]} 47. a5 {[%clk 0:34:52]} Bf2 {[%clk 0:49:20]} 48.
Ke7 {[%clk 0:34:16]} Be1 {[%clk 0:49:35]} 49. Kd8 {[%clk 0:32:24]} h3 {[%clk
0:49:21]} 50. Kc8 {[%clk 0:29:44]} h2 {[%clk 0:49:24]} 51. Rxh2 {[%clk
0:29:05]} Bxa5 {[%clk 0:49:46]} 52. Rh6+ {[%clk 0:29:33]} Kc5 {[%clk 0:49:22]}
53. Rh5+ {[%clk 0:29:57]} Kb4 {[%clk 0:49:20]} 54. Kb7 {[%clk 0:30:13]} Bd8
{[%clk 0:49:20]} 55. c5 {[%clk 0:30:40]} a5 {[%clk 0:49:19]} 56. c6 {[%clk
0:31:04]} a4 {[%clk 0:49:22]} 57. Rh8 {[%clk 0:31:29]} Bf6 {[%clk 0:47:53]} 58.
Re8 {[%clk 0:29:00]} a3 {[%clk 0:47:21]} 59. c7 {[%clk 0:29:24]} Bc3 {[%clk
0:46:58]} 60. c8=Q {[%clk 0:29:22]} a2 {[%clk 0:47:05]} 61. Re4+ {[%clk
0:28:58]} Kb3 {[%clk 0:46:56]} 62. Qc4+ {[%clk 0:29:13]} Kb2 {[%clk 0:47:03]}
63. Re2+ {[%clk 0:29:36]} Kb1 {[%clk 0:47:22]} 64. Qxa2+ {[%clk 0:29:56]} Kc1
{[%clk 0:47:45]} 65. Qc2# 1-0

[Event "DEM U14 2021"]
[Site "Willingen GER"]
[Date "2021.08.25"]
[Round "4"]
[White "Ehrig, Leon Chris"]
[Black "Zhou, Lepu Coco"]
[Result "1/2-1/2"]
[Termination "normal"]
[Board "13"]
[WhiteElo "1671"]
[BlackElo "2009"]
[WhiteClock "00:34:39"]
[BlackClock "00:27:33"]
[PlyCount "102"]
[WhiteFideId "16244796"]
[BlackFideId "16217136"]
[EventCountry "GER"]
[EventRounds "9"]
[EventType "swiss"]
[EventDate "2021.08.22"]

1. e4 {[%clk 1:30:51]} e5 {[%clk 1:30:50]} 2. Nc3 {[%clk 1:31:15]} Nf6 {[%clk
1:30:57]} 3. f4 {[%clk 1:31:30]} d5 {[%clk 1:30:19]} 4. fxe5 {[%clk 1:31:41]}
Nxe4 {[%clk 1:30:42]} 5. Qf3 {[%clk 1:32:04]} Nxc3 {[%clk 1:22:10]} 6. dxc3
{[%clk 1:32:23]} Nc6 {[%clk 1:21:32]} 7. Bf4 {[%clk 1:31:46]} g5 {[%clk
1:17:00]} 8. Bg3 {[%clk 1:30:07]} Bg7 {[%clk 1:10:31]} 9. O-O-O {[%clk
1:27:41]} g4 {[%clk 1:00:01]} 10. Qe3 {[%clk 1:17:37]} Be6 {[%clk 0:54:31]} 11.
Bb5 {[%clk 1:14:37]} a6 {[%clk 0:51:40]} 12. Bxc6+ {[%clk 1:09:50]} bxc6 {[%clk
0:52:04]} 13. Qc5 {[%clk 1:09:55]} Qg5+ {[%clk 0:49:31]} 14. Kb1 {[%clk
1:07:55]} Bd7 {[%clk 0:49:01]} 15. Ne2 {[%clk 1:00:12]} Qe7 {[%clk 0:41:41]}
16. Qxe7+ {[%clk 0:58:16]} Kxe7 {[%clk 0:42:06]} 17. Nd4 {[%clk 0:58:09]} c5
{[%clk 0:38:17]} 18. Nb3 {[%clk 0:56:33]} c4 {[%clk 0:38:23]} 19. Nc5 {[%clk
0:56:04]} Bc6 {[%clk 0:28:01]} 20. Bh4+ {[%clk 0:50:49]} Ke8 {[%clk 0:24:44]}
21. e6 {[%clk 0:47:17]} f6 {[%clk 0:22:14]} 22. Rde1 {[%clk 0:44:04]} Ke7
{[%clk 0:20:21]} 23. Bg3 {[%clk 0:44:03]} Rhc8 {[%clk 0:18:12]} 24. h3 {[%clk
0:43:48]} Be8 {[%clk 0:10:10]} 25. hxg4 {[%clk 0:40:09]} Bg6 {[%clk 0:10:30]}
26. Rd1 {[%clk 0:37:45]} c6 {[%clk 0:09:00]} 27. Rhe1 {[%clk 0:32:59]} a5
{[%clk 0:07:30]} 28. a4 {[%clk 0:32:43]} f5 {[%clk 0:05:57]} 29. Nb7 {[%clk
0:31:12]} fxg4 {[%clk 0:04:54]} 30. Bd6+ Ke8 {[%clk 0:05:02]} 31. Bc5 {[%clk
0:27:41]} Rcb8 {[%clk 0:04:00]} 32. Nd6+ {[%clk 0:27:31]} Kd8 {[%clk 0:04:25]}
33. Nxc4 {[%clk 0:26:53]} Bxc3 {[%clk 0:03:22]} 34. Rf1 {[%clk 0:25:54]} Bg7
{[%clk 0:03:42]} 35. e7+ {[%clk 0:24:36]} Kc7 {[%clk 0:01:48]} 36. Bd6+ {[%clk
0:24:29]} Kd7 {[%clk 0:02:14]} 37. Bxb8 {[%clk 0:16:11]} Rxb8 {[%clk 0:02:39]}
38. Rfe1 {[%clk 0:16:24]} Ke8 {[%clk 0:01:57]} 39. Nd6+ {[%clk 0:14:23]} Kd7
{[%clk 0:02:23]} 40. e8=Q+ {[%clk 0:14:45]} Bxe8 {[%clk 0:02:45]} 41. Nxe8
{[%clk 0:15:08]} Bxb2 {[%clk 0:02:07]} 42. Ka2 {[%clk 0:14:00]} Bc3 {[%clk
0:29:41]} 43. Rb1 {[%clk 0:44:09]} Rxb1 {[%clk 0:29:01]} 44. Rxb1 {[%clk
0:44:35]} Kxe8 {[%clk 0:29:25]} 45. Rb7 {[%clk 0:44:58]} h6 {[%clk 0:28:49]}
46. Kb3 {[%clk 0:44:05]} Bf6 {[%clk 0:28:28]} 47. Rc7 {[%clk 0:43:15]} h5
{[%clk 0:28:21]} 48. c4 {[%clk 0:41:48]} h4 {[%clk 0:26:54]} 49. Rxc6 {[%clk
0:37:12]} dxc4+ {[%clk 0:26:53]} 50. Rxc4 {[%clk 0:36:08]} h3 {[%clk 0:27:12]}
51. gxh3 {[%clk 0:34:39]} gxh3 {[%clk 0:27:33]} 1/2-1/2

[Event "DEM U14 2021"]
[Site "Willingen GER"]
[Date "2021.08.25"]
[Round "4"]
[White "Herter, Arne"]
[Black "Guo, Philipp Ziming"]
[Result "0-1"]
[Termination "normal"]
[Board "14"]
[WhiteElo "1740"]
[BlackElo "1728"]
[WhiteClock "00:02:04"]
[BlackClock "00:03:10"]
[PlyCount "144"]
[WhiteFideId "16255372"]
[BlackFideId "16245199"]
[EventCountry "GER"]
[EventRounds "9"]
[EventType "swiss"]
[EventDate "2021.08.22"]

1. e4 {[%clk 1:30:58]} c5 {[%clk 1:30:51]} 2. Nf3 {[%clk 1:31:24]} d6 {[%clk
1:31:09]} 3. d4 {[%clk 1:31:49]} cxd4 {[%clk 1:31:35]} 4. Nxd4 {[%clk 1:32:12]}
Nf6 {[%clk 1:31:57]} 5. Nc3 {[%clk 1:32:37]} a6 {[%clk 1:32:20]} 6. Qf3 {[%clk
1:33:00]} g6 {[%clk 1:32:09]} 7. h3 {[%clk 1:33:18]} Bg7 {[%clk 1:29:17]} 8.
Be3 {[%clk 1:32:29]} Nbd7 {[%clk 1:26:23]} 9. g4 {[%clk 1:31:07]} O-O {[%clk
1:17:27]} 10. O-O-O {[%clk 1:30:00]} Nc5 {[%clk 1:06:14]} 11. Qg2 {[%clk
1:12:58]} Ne6 {[%clk 0:47:59]} 12. f4 {[%clk 1:07:31]} Bd7 {[%clk 0:39:39]} 13.
f5 {[%clk 0:46:27]} Nxd4 {[%clk 0:36:15]} 14. Bxd4 {[%clk 0:46:44]} Bc6 {[%clk
0:31:48]} 15. h4 {[%clk 0:34:51]} Nd7 {[%clk 0:25:38]} 16. fxg6 {[%clk
0:32:49]} hxg6 {[%clk 0:20:22]} 17. g5 {[%clk 0:22:50]} Bxd4 {[%clk 0:18:30]}
18. Rxd4 {[%clk 0:22:22]} Ne5 {[%clk 0:17:01]} 19. h5 {[%clk 0:20:16]} Kg7
{[%clk 0:17:17]} 20. Rd2 {[%clk 0:14:03]} Qd7 {[%clk 0:12:43]} 21. hxg6 {[%clk
0:12:13]} fxg6 {[%clk 0:13:05]} 22. Be2 {[%clk 0:09:14]} Rh8 {[%clk 0:11:36]}
23. Nd5 {[%clk 0:06:10]} Bxd5 {[%clk 0:11:19]} 24. exd5 {[%clk 0:05:25]} Rxh1+
{[%clk 0:09:31]} 25. Qxh1 {[%clk 0:05:47]} Rh8 {[%clk 0:09:54]} 26. Qg1 {[%clk
0:05:54]} Qa4 {[%clk 0:06:42]} 27. a3 {[%clk 0:05:05]} Qe4 {[%clk 0:06:43]} 28.
Bd1 {[%clk 0:04:36]} Qf4 {[%clk 0:05:36]} 29. Qf2 {[%clk 0:02:05]} Qxg5 {[%clk
0:05:49]} 30. Kb1 {[%clk 0:02:26]} Rf8 {[%clk 0:04:47]} 31. Qd4 {[%clk
0:02:22]} Qf4 {[%clk 0:03:52]} 32. Qc3 {[%clk 0:01:58]} Qc4 {[%clk 0:02:52]}
33. Qh3 {[%clk 0:01:37]} Qc8 {[%clk 0:02:00]} 34. Qg2 {[%clk 0:01:28]} Qf5
{[%clk 0:01:30]} 35. Ka2 {[%clk 0:01:19]} Qf4 {[%clk 0:01:02]} 36. Re2 {[%clk
0:01:03]} Qc4+ {[%clk 0:01:03]} 37. Kb1 {[%clk 0:01:03]} Qd4 {[%clk 0:01:08]}
38. Rd2 {[%clk 0:01:16]} Qf4 {[%clk 0:01:13]} 39. Ka2 {[%clk 0:01:09]} g5
{[%clk 0:00:49]} 40. c3 {[%clk 0:00:50]} Qc4+ {[%clk 0:00:44]} 41. Bb3 {[%clk
0:01:06]} Qg4 {[%clk 0:29:17]} 42. Qxg4 {[%clk 0:29:31]} Nxg4 {[%clk 0:29:02]}
43. Rg2 {[%clk 0:28:54]} Rf4 {[%clk 0:28:04]} 44. Bd1 {[%clk 0:28:58]} Ne3
{[%clk 0:27:31]} 45. Rxg5+ {[%clk 0:29:00]} Kf6 {[%clk 0:27:34]} 46. Rg1 {[%clk
0:29:00]} Nxd5 {[%clk 0:27:23]} 47. Rg8 {[%clk 0:27:32]} Nc7 {[%clk 0:19:42]}
48. Bb3 {[%clk 0:25:53]} Rf5 {[%clk 0:18:23]} 49. Rf8+ {[%clk 0:22:54]} Kg5
{[%clk 0:17:02]} 50. Rc8 {[%clk 0:22:49]} Rc5 {[%clk 0:16:38]} 51. Bc2 {[%clk
0:19:38]} Kf4 {[%clk 0:13:48]} 52. Bd3 {[%clk 0:14:45]} Ne6 {[%clk 0:09:45]}
53. Rb8 {[%clk 0:08:17]} Rc7 {[%clk 0:09:28]} 54. Bf1 {[%clk 0:06:16]} Ke5
{[%clk 0:08:03]} 55. Bg2 {[%clk 0:05:14]} d5 {[%clk 0:05:54]} 56. c4 {[%clk
0:03:05]} Nf4 {[%clk 0:02:47]} 57. Bxd5 {[%clk 0:02:10]} Nxd5 {[%clk 0:03:07]}
58. cxd5 {[%clk 0:02:36]} Kxd5 {[%clk 0:03:29]} 59. b4 {[%clk 0:02:35]} e5
{[%clk 0:03:23]} 60. Re8 {[%clk 0:02:52]} e4 {[%clk 0:02:48]} 61. Kb3 {[%clk
0:02:27]} Kd4 {[%clk 0:02:23]} 62. Rd8+ {[%clk 0:02:44]} Ke3 {[%clk 0:02:40]}
63. Re8 {[%clk 0:03:07]} Kd3 {[%clk 0:02:36]} 64. Rd8+ {[%clk 0:02:09]} Ke2
{[%clk 0:02:42]} 65. Re8 {[%clk 0:02:10]} e3 {[%clk 0:02:57]} 66. Kb2 {[%clk
0:02:07]} Kd2 {[%clk 0:02:52]} 67. Rd8+ {[%clk 0:02:16]} Ke1 {[%clk 0:03:16]}
68. Re8 {[%clk 0:02:40]} e2 {[%clk 0:03:27]} 69. Re6 {[%clk 0:03:01]} Rc6
{[%clk 0:03:14]} 70. Re8 {[%clk 0:03:17]} Rc4 {[%clk 0:02:42]} 71. Kb3 {[%clk
0:03:25]} b5 {[%clk 0:03:03]} 72. a4 {[%clk 0:02:04]} Kf2 {[%clk 0:03:10]} 0-1

[Event "DEM U14 2021"]
[Site "Willingen GER"]
[Date "2021.08.25"]
[Round "4"]
[White "Nitsche, Nikolai"]
[Black "Müller, Maximilian"]
[Result "0-1"]
[Termination "normal"]
[Board "15"]
[WhiteElo "1835"]
[BlackElo "1651"]
[WhiteClock "00:20:36"]
[BlackClock "00:26:43"]
[PlyCount "73"]
[WhiteFideId "16221036"]
[BlackFideId "16243552"]
[EventCountry "GER"]
[EventRounds "9"]
[EventType "swiss"]
[EventDate "2021.08.22"]

1. d4 {[%clk 1:30:54]} Nf6 {[%clk 1:30:56]} 2. Bf4 {[%clk 1:31:11]} d5 {[%clk
1:31:23]} 3. e3 {[%clk 1:31:07]} e6 {[%clk 1:31:44]} 4. c3 {[%clk 1:30:59]} Bd6
{[%clk 1:31:38]} 5. Bg3 {[%clk 1:31:21]} b6 {[%clk 1:31:59]} 6. Nf3 {[%clk
1:31:42]} O-O {[%clk 1:31:58]} 7. Bd3 {[%clk 1:31:37]} c5 {[%clk 1:32:07]} 8.
Nbd2 {[%clk 1:31:43]} Ba6 {[%clk 1:32:25]} 9. Bc2 {[%clk 1:30:52]} Nc6 {[%clk
1:29:20]} 10. Ne5 {[%clk 1:29:39]} Qc7 {[%clk 1:27:56]} 11. f4 {[%clk 1:28:34]}
cxd4 {[%clk 1:25:16]} 12. exd4 {[%clk 1:28:52]} Rac8 {[%clk 1:24:32]} 13. Ndf3
{[%clk 1:24:09]} h6 {[%clk 1:17:00]} 14. Nxc6 {[%clk 1:06:11]} Qxc6 {[%clk
1:17:25]} 15. Ne5 {[%clk 1:06:04]} Qc7 {[%clk 1:17:25]} 16. Qf3 {[%clk
1:05:45]} b5 {[%clk 1:06:34]} 17. a3 {[%clk 1:00:20]} Bb7 {[%clk 1:03:59]} 18.
Bd3 {[%clk 0:56:51]} a5 {[%clk 1:01:52]} 19. Bxb5 {[%clk 0:54:27]} Qb6 {[%clk
1:02:06]} 20. a4 {[%clk 0:54:30]} Ba6 {[%clk 1:00:58]} 21. Qe2 {[%clk 0:51:56]}
Bxb5 {[%clk 1:01:07]} 22. Qxb5 {[%clk 0:51:52]} Qc7 {[%clk 1:01:19]} 23. Qe2
{[%clk 0:50:09]} Ne4 {[%clk 1:01:26]} 24. Nd3 {[%clk 0:49:13]} Rfe8 {[%clk
0:44:54]} 25. O-O {[%clk 0:47:54]} f5 {[%clk 0:45:08]} 26. Nf2 {[%clk 0:44:00]}
Nxf2 {[%clk 0:45:25]} 27. Rxf2 {[%clk 0:43:16]} Rb8 {[%clk 0:45:26]} 28. h4
{[%clk 0:42:40]} Rb6 {[%clk 0:42:29]} 29. h5 {[%clk 0:41:06]} Be7 {[%clk
0:40:38]} 30. Rf3 {[%clk 0:35:42]} Bf6 {[%clk 0:40:28]} 31. Kh2 {[%clk
0:33:26]} Reb8 {[%clk 0:40:17]} 32. Be1 {[%clk 0:31:49]} Qf7 {[%clk 0:39:34]}
33. Rf2 {[%clk 0:31:25]} Rxb2 {[%clk 0:35:42]} 34. Qd1 {[%clk 0:21:09]} Qc7
{[%clk 0:35:06]} 35. g3 {[%clk 0:20:32]} Rxf2+ {[%clk 0:29:07]} 36. Bxf2 {[%clk
0:21:00]} Qxc3 {[%clk 0:26:43]} 37. Qe2 {[%clk 0:20:36]} 0-1